Neue Wiener Bezirke mit Karte - Statistiken

Allgemein
  • Dieses Quiz wurde 63 mal gespielt
  • Das Durchschnittsergebnis liegt bei 17 aus 28
Antworten auf der Karte
Die Antworten werden auf der Karte rot bzw. grün angezeigt, abhängig davon wie oft sie richtig erraten wurden.
 
Antwortstatistiken
Nr. Bezirk % Korrekt
1. Innere Stadt
95%
4. Favoriten
88%
17. Ottakring
88%
11. Simmering
84%
2. Leopoldstadt
81%
14. Meidling
79%
3. Landstraße
77%
23. Liesing
77%
6. Mariahilf
77%
18. Währing
77%
9. Floridsdorf
74%
5. Wieden
72%
15. Hietzing
70%
19. Döbling
65%
16. Rudolfsheim
65%
12. Laa
56%
7. Alservorstadt
53%
21. Kagran
51%
22. Aspern
49%
25. Hütteldorf
47%
10. Kaisermühlen
47%
24. Lainz
40%
27. Grinzing
35%
13. Inzersdorf
35%
20. Leopoldau
35%
8. Heiligenstadt
33%
28. Strebersdorf
30%
26. Dornbach
23%
Keine übereinstimmenden Quizze gefunden
Verteilung der Resultate
Anzahl Personen mit jedem Resultat
Perzentil nach korrekt beantworteten Fragen
Ihre Resultats-Entwicklung
Sie haben dieses Quiz noch nicht gespielt